First and second order triangulation 1943-52. (Record no. 97461)

MARC details
000 -LEADER
fixed length control field 00589cam a2200229 4500
001 - CONTROL NUMBER
control field J94772
008 - FIXED-LENGTH DATA ELEMENTS--GENERAL INFORMATION
fixed length control field 090401t1959 xxu||||| |||| 00| 0 eng d
035 ## - SYSTEM CONTROL NUMBER
System control number (Sirsi) u89405
041 ## - LANGUAGE CODE
Language code of text/sound track or separate title eng
050 ## - LIBRARY OF CONGRESS CALL NUMBER
Classification number 526.330962
100 ## - MAIN ENTRY--PERSONAL NAME
Personal name Munsey, D.F.
245 ## - TITLE STATEMENT
Title First and second order triangulation 1943-52.
260 ## - PUBLICATION, DISTRIBUTION, ETC.
Place of publication, distribution, etc. Khartoum
Name of publisher, distributor, etc. The Sudan Government
Date of publication, distribution, etc. 1959
300 ## - PHYSICAL DESCRIPTION
Extent ix,210p. ; 30cm.
350 ## - PRICE (NR) (BK AM CF MU VM SE) [OBSOLETE]
Price 2.5
490 ## - SERIES STATEMENT
Series statement Sudan Survey Department Records
Volume/sequential designation Volume II
650 ## - SUBJECT ADDED ENTRY--TOPICAL TERM
Topical term or geographic name entry element SUDAN
650 ## - SUBJECT ADDED ENTRY--TOPICAL TERM
Topical term or geographic name entry element TRIANGULATION
690 ## - LOCAL SUBJECT ADDED ENTRY--TOPICAL TERM (OCLC, RLIN)
Topical term or geographic name as entry element LAND SURVEYING
942 ## - ADDED ENTRY ELEMENTS (KOHA)
Suppress in OPAC 0
948 ## - LOCAL PROCESSING INFORMATION (OCLC); SERIES PART DESIGNATOR (RLIN)
c (OCLC) 02/11/1998
Holdings
Withdrawn status Lost status Source of classification or shelving scheme Damaged status Not for loan Home library Current library Shelving location Date acquired Cost, normal purchase price Total Checkouts Full call number Barcode Date last seen Copy number Cost, replacement price Price effective from Koha item type
    Dewey Decimal Classification     London London Basement 14/09/1999 2.50   SHELF 206 30013715 06/08/2019 1 2.50 06/08/2019 Reference material